| 000 | 00969cam a2200289 4500 | ||
|---|---|---|---|
| 001 | ABS65296 | ||
| 008 | 020422n2002 000 0 eng u | ||
| 035 | _a(Sirsi) u117616 | ||
| 100 | _aMoore, P | ||
| 245 | _aConstruction futures | ||
| 260 | _c2002 | ||
| 490 |
_aArchitects' Journal _v215(12) 28 March 2002, 54-55(2) |
||
| 520 | _aFirst of a new quarterly series examining trends in the construction industry. Discusses input costs, changes to Part L of the Building Regulations, construction activity, tender prices, macro-economic factors, and construction forecasts. Graphs. | ||
| 590 | _aABS | ||
| 650 | _aINPUT COSTS | ||
| 650 | _aCONSTRUCTION OUTPUT | ||
| 650 | _aFORECASTS | ||
| 650 | _aTRENDS | ||
| 650 | _aPART L | ||
| 650 |
_aBUILDING REGULATIONS _96224 |
||
| 650 | _aTENDER PRICES | ||
| 650 | _aMACRO-ECONOMIC FACTORS | ||
| 650 | _aCONSTRUCTION INDUSTRY | ||
| 690 | _aBUILT ENVIRONMENT | ||
| 710 |
_aE C Harris _91524 |
||
| 942 | _n0 | ||
| 999 |
_c70037 _d70037 |
||